000
00259nam a2200109Ia 4500
008
200302s9999 xx 000 0 und d
100
_a
Lord William Taylour
245
_a
The Mycenaeans
260
_b
Thames and Hudson Ltd.
260
_c
19893
300
_a
180 P.,
999
_c
2230
_d
2230